[Event "Hastings Masters"]
[Site "Hastings, England"]
[Date "2015.01.06"]
[Round "9.11"]
[White "Marusenko, Petr"]
[WhiteElo "2194"]
[Black "Jackson, James P"]
[BlackElo "2356"]
[Result "1/2-1/2"]

1. d4 {[%clk 1:40:28]} Nf6 {[%clk 1:40:54]} 2. c4 {[%clk 1:40:54]} c5
{[%clk 1:41:21]} 3. d5 {[%clk 1:41:22]} e6 {[%clk 1:41:47]} 4. Nc3
{[%clk 1:41:49]} exd5 {[%clk 1:42:13]} 5. cxd5 {[%clk 1:42:17]} d6
{[%clk 1:42:37]} 6. Nf3 {[%clk 1:42:40]} g6 {[%clk 1:43:03]} 7. Bf4
{[%clk 1:43:06]} a6 {[%clk 1:43:11]} 8. e4 {[%clk 1:43:32]} b5 {[%clk 1:41:22]}
9. Bd3 {[%clk 1:42:40]} Bg7 {[%clk 1:38:40]} 10. O-O {[%clk 1:42:49]} O-O
{[%clk 1:37:15]} 11. h3 {[%clk 1:43:15]} Bb7 {[%clk 1:27:20]} 12. a3
{[%clk 1:40:51]} Qb6 {[%clk 1:24:08]} 13. Rc1 {[%clk 1:40:34]} Nbd7
{[%clk 1:24:08]} 14. Re1 {[%clk 1:40:56]} Rfe8 {[%clk 1:23:27]} 15. Qd2
{[%clk 1:40:32]} c4 {[%clk 1:18:43]} 16. Bc2 {[%clk 1:40:17]} Rac8
{[%clk 1:17:16]} 17. Be3 {[%clk 1:35:54]} Qd8 {[%clk 1:15:10]} 18. Nd4
{[%clk 1:35:37]} Nc5 {[%clk 1:14:40]} 19. Bh6 Nfd7 {[%clk 1:05:11]} 20. Bxg7
{[%clk 1:31:58]} Kxg7 {[%clk 1:05:39]} 21. f4 {[%clk 1:29:54]} Qf6
{[%clk 0:49:52]} 22. Nf3 {[%clk 1:29:40]} Kg8 23. Rf1 {[%clk 1:26:33]} Qg7
{[%clk 0:45:38]} 24. Rce1 {[%clk 1:24:57]} Rcd8 25. g4 {[%clk 1:23:05]} Nb6
{[%clk 0:32:04]} 26. g5 {[%clk 1:15:15]} Bc8 {[%clk 0:20:31]} 27. Kh2
{[%clk 1:12:36]} Bb7 {[%clk 0:20:00]} 28. Kg3 {[%clk 1:12:36]} Nbd7
{[%clk 0:10:29]} 29. Nh2 {[%clk 0:58:03]} h5 {[%clk 0:09:29]} 30. Nf3
{[%clk 0:58:03]} Ba8 {[%clk 0:09:29]} 31. Re2 {[%clk 0:51:36]} Rb8
{[%clk 0:08:39]} 32. Rfe1 {[%clk 0:51:34]} a5 {[%clk 0:08:52]} 33. e5
{[%clk 0:51:34]} b4 {[%clk 0:08:52]} 34. axb4 {[%clk 0:51:36]} axb4
{[%clk 0:09:18]} 35. Na4 {[%clk 0:51:21]} dxe5 {[%clk 0:02:49]} 36. fxe5
{[%clk 0:49:23]} b3 {[%clk 0:02:03]} 37. Nxc5 {[%clk 0:49:47]} Nxc5
{[%clk 0:02:31]} 38. Bb1 {[%clk 0:47:26]} Rbd8 {[%clk 0:02:56]} 39. d6
{[%clk 0:47:38]} Bxf3 {[%clk 0:01:01]} 40. Kxf3 {[%clk 0:47:52]} Re6
{[%clk 0:00:38]} 41. Qa5 {[%clk 0:47:09]} Rc8 {[%clk 0:45:02]} 42. Qb5
{[%clk 1:34:51]} Qf8 {[%clk 0:40:44]} 43. Qxc4 {[%clk 1:34:33]} Nd7
{[%clk 0:39:03]} 44. Qd4 {[%clk 1:24:56]} Rc5 {[%clk 0:34:14]} 45. Bd3
{[%clk 1:20:59]} Qc8 {[%clk 0:33:49]} 46. Re4 {[%clk 1:20:22]} Qc6
{[%clk 0:33:51]} 47. Kf4 {[%clk 1:20:49]} Rd5 {[%clk 0:31:06]} 48. Qc4
{[%clk 1:23:07]} Nc5 {[%clk 0:24:40]} 49. Rd4 {[%clk 1:15:01]} Nxd3+
{[%clk 0:25:02]} 50. Qxd3 {[%clk 1:15:29]} Rexd6 {[%clk 0:18:29]} 51. exd6
{[%clk 1:13:44]} Qxd6+ {[%clk 0:18:58]} 52. Ke3 {[%clk 1:14:05]} Qg3+
{[%clk 0:19:25]} 53. Kd2 {[%clk 1:14:30]} Qf2+ {[%clk 0:19:50]} 54. Re2
{[%clk 1:14:54]} Qxd4 {[%clk 0:20:14]} 55. Qxd4 {[%clk 1:15:22]} Rxd4+
{[%clk 0:20:35]} 56. Kc3 {[%clk 1:15:48]} Rd5 {[%clk 0:20:59]} 57. Kxb3
{[%clk 1:14:36]} Rxg5 {[%clk 0:17:52]} 58. Kc4 {[%clk 1:15:05]} Rg1
{[%clk 0:14:06]} 59. b4 {[%clk 1:15:23]} Rb1 {[%clk 0:14:32]} 60. b5
{[%clk 1:15:37]} g5 {[%clk 0:11:07]} 61. Kc5 {[%clk 1:15:08]} Kg7
{[%clk 0:10:10]} 62. Re4 {[%clk 1:15:22]} f5 {[%clk 0:05:05]} 63. Rb4
{[%clk 1:15:36]} Rxb4 {[%clk 0:05:30]} 64. Kxb4 {[%clk 1:15:58]} g4
{[%clk 0:05:52]} 65. hxg4 {[%clk 1:15:55]} hxg4 {[%clk 0:05:35]} 66. b6
{[%clk 1:16:14]} g3 {[%clk 0:06:02]} 67. b7 {[%clk 1:16:36]} g2 {[%clk 0:06:29]}
68. b8=Q {[%clk 1:16:57]} g1=Q {[%clk 0:06:52]} 69. Qe5+ {[%clk 1:17:14]} Kg6
{[%clk 0:06:42]} 70. Qe6+ {[%clk 1:17:07]} Kg7 {[%clk 0:07:03]} 1/2-1/2

[Event "Hastings Masters"]
[Site "Hastings, England"]
[Date "2015.01.06"]
[Round "9.12"]
[White "Longson, Alexander"]
[WhiteElo "2339"]
[Black "Hackner, Oskar A"]
[BlackElo "2145"]
[Result "1-0"]

1. c4 {[%clk 1:40:52]} Nf6 {[%clk 1:40:36]} 2. g3 {[%clk 1:40:51]} c5
{[%clk 1:40:50]} 3. Bg2 {[%clk 1:40:56]} d5 {[%clk 1:41:07]} 4. cxd5
{[%clk 1:40:56]} Nxd5 {[%clk 1:41:32]} 5. Nc3 {[%clk 1:41:02]} Nc7
{[%clk 1:41:55]} 6. Nf3 {[%clk 1:40:49]} Nc6 {[%clk 1:42:17]} 7. O-O
{[%clk 1:40:27]} e5 {[%clk 1:42:37]} 8. a3 {[%clk 1:40:00]} a5 {[%clk 1:40:08]}
9. d3 {[%clk 1:39:06]} Be7 {[%clk 1:39:11]} 10. Be3 {[%clk 1:36:03]} f6
{[%clk 1:29:41]} 11. Na4 {[%clk 1:36:02]} Ne6 {[%clk 1:28:44]} 12. Rc1
{[%clk 1:36:15]} Ncd4 {[%clk 1:28:53]} 13. Bxd4 {[%clk 1:36:39]} cxd4
{[%clk 1:28:40]} 14. Qb3 {[%clk 1:37:04]} Bd7 {[%clk 1:22:08]} 15. Nd2
{[%clk 1:22:10]} Rb8 {[%clk 1:07:13]} 16. Ne4 {[%clk 1:02:31]} b6
{[%clk 1:07:14]} 17. Bh3 {[%clk 1:00:32]} Nf8 {[%clk 0:36:37]} 18. Bxd7+
{[%clk 0:59:01]} Qxd7 {[%clk 0:36:54]} 19. Nac5 {[%clk 0:49:13]} Bxc5
{[%clk 0:32:46]} 20. Nxc5 {[%clk 0:48:58]} Qf7 {[%clk 0:31:22]} 21. Qb5+
{[%clk 0:44:28]} Nd7 {[%clk 0:31:39]} 22. Na6 {[%clk 0:41:39]} Rd8
{[%clk 0:31:40]} 23. Nc7+ {[%clk 0:41:08]} Kf8 {[%clk 0:31:16]} 24. Rc6
{[%clk 0:36:29]} Rb8 {[%clk 0:31:05]} 25. Rd6 {[%clk 0:30:38]} Nc5
{[%clk 0:26:48]} 26. Rxb6 {[%clk 0:29:14]} Rc8 {[%clk 0:25:35]} 27. Qxc5+
{[%clk 0:28:33]} Qe7 {[%clk 0:25:59]} 28. Rc1 {[%clk 0:23:30]} Qxc5
{[%clk 0:23:53]} 29. Rxc5 {[%clk 0:23:52]} Ke7 {[%clk 0:24:09]} 30. Nd5+
{[%clk 0:23:25]} Kd7 {[%clk 0:24:33]} 31. Rxc8 {[%clk 0:20:48]} Rxc8
{[%clk 0:24:53]} 32. Rb5 {[%clk 0:16:14]} Rc2 {[%clk 0:22:40]} 33. Kf1
{[%clk 0:16:10]} a4 {[%clk 0:22:48]} 34. Rb4 {[%clk 0:14:00]} 1-0

[Event "Hastings Masters"]
[Site "Hastings, England"]
[Date "2015.01.06"]
[Round "9.13"]
[White "Jaunooby, Ali R"]
[WhiteElo "2175"]
[Black "Bellin, Robert"]
[BlackElo "2338"]
[Result "0-1"]

1. d4 {[%clk 1:17:20]} Nf6 {[%clk 1:37:28]} 2. Bf4 e6 {[%clk 1:33:49]} 3. Nd2
{[%clk 1:16:30]} Nh5 {[%clk 1:22:46]} 4. Be5 {[%clk 1:15:24]} d6 {[%clk 1:22:44]}
5. Bg3 {[%clk 1:14:43]} Nc6 {[%clk 1:18:30]} 6. e3 {[%clk 1:14:27]} g6
{[%clk 1:18:19]} 7. f4 {[%clk 1:12:24]} Bg7 {[%clk 1:09:51]} 8. Be2
{[%clk 1:10:55]} Nxg3 {[%clk 1:09:02]} 9. hxg3 {[%clk 1:11:20]} e5
{[%clk 1:09:23]} 10. c3 {[%clk 1:11:06]} Ne7 {[%clk 1:05:12]} 11. Ngf3
{[%clk 1:10:27]} Nf5 {[%clk 1:04:46]} 12. Kf2 {[%clk 1:10:27]} Qe7
{[%clk 1:02:52]} 13. dxe5 {[%clk 0:59:26]} dxe5 {[%clk 1:02:52]} 14. g4
{[%clk 0:59:24]} exf4 {[%clk 0:57:23]} 15. Qa4+ {[%clk 0:59:27]} Bd7
{[%clk 0:57:46]} 16. Qxf4 {[%clk 0:59:44]} Nd6 {[%clk 0:58:10]} 17. e4
{[%clk 0:58:56]} f6 {[%clk 0:54:08]} 18. Rae1 {[%clk 0:56:00]} O-O-O
{[%clk 0:53:25]} 19. Nd4 {[%clk 0:54:15]} h5 {[%clk 0:53:11]} 20. N4b3
{[%clk 0:49:08]} h4 {[%clk 0:39:29]} 21. Bd1 {[%clk 0:41:10]} Bh6
{[%clk 0:36:59]} 22. Qf3 {[%clk 0:39:51]} Nf7 {[%clk 0:37:19]} 23. Nc4
{[%clk 0:36:01]} Qe6 {[%clk 0:26:53]} 24. Qe2 {[%clk 0:34:40]} Bb5
{[%clk 0:26:45]} 25. Nba5 {[%clk 0:32:17]} Rd2 {[%clk 0:24:58]} 0-1

[Event "Hastings Masters"]
[Site "Hastings, England"]
[Date "2015.01.06"]
[Round "9.14"]
[White "Kiefer, Daniel"]
[WhiteElo "2255"]
[Black "Anderson, John"]
[BlackElo "2180"]
[Result "0-1"]

1. e4 {[%clk 1:40:54]} c5 {[%clk 1:40:53]} 2. Nf3 {[%clk 1:41:19]} d6
{[%clk 1:41:13]} 3. d4 {[%clk 1:41:45]} cxd4 {[%clk 1:41:37]} 4. Nxd4
{[%clk 1:42:12]} Nf6 {[%clk 1:41:58]} 5. Nc3 {[%clk 1:42:37]} Nc6
{[%clk 1:41:29]} 6. Bg5 {[%clk 1:42:50]} e6 {[%clk 1:41:54]} 7. Qd2
{[%clk 1:43:03]} a6 {[%clk 1:41:32]} 8. O-O-O {[%clk 1:43:22]} Bd7
{[%clk 1:41:58]} 9. Be2 {[%clk 1:43:30]} b5 {[%clk 1:38:37]} 10. Nxc6
{[%clk 1:43:01]} Bxc6 {[%clk 1:39:01]} 11. Qe3 {[%clk 1:43:06]} Qe7
{[%clk 1:33:04]} 12. f4 {[%clk 1:31:09]} b4 {[%clk 1:29:58]} 13. e5
{[%clk 1:25:31]} bxc3 {[%clk 1:29:57]} 14. Qxc3 {[%clk 1:24:41]} Qb7
{[%clk 1:28:20]} 15. exf6 {[%clk 1:23:24]} g6 {[%clk 1:23:55]} 16. Rhg1
{[%clk 1:09:57]} d5 {[%clk 1:16:08]} 17. g4 {[%clk 1:04:59]} Rc8 {[%clk 0:59:45]}
18. Qb3 {[%clk 0:47:01]} Qd7 {[%clk 0:44:12]} 19. Bxa6 {[%clk 0:33:25]} Ra8
{[%clk 0:44:33]} 20. Qb6 {[%clk 0:31:33]} Bd6 {[%clk 0:42:06]} 21. f5
{[%clk 0:29:24]} O-O {[%clk 0:41:53]} 22. fxg6 {[%clk 0:27:58]} hxg6
{[%clk 0:39:32]} 23. Bh6 {[%clk 0:24:14]} Rfb8 {[%clk 0:32:07]} 24. Qe3
{[%clk 0:24:32]} Rxa6 {[%clk 0:21:24]} 25. Bg7 {[%clk 0:22:37]} Qb7
{[%clk 0:18:02]} 26. Qc3 {[%clk 0:14:36]} Rxa2 {[%clk 0:05:12]} 27. Rd3
{[%clk 0:11:39]} Qxb2+ {[%clk 0:03:32]} 28. Qxb2 {[%clk 0:12:08]} Rbxb2
{[%clk 0:03:58]} 29. Rc3 {[%clk 0:07:18]} Bf4+ {[%clk 0:04:11]} 30. Kd1
{[%clk 0:07:42]} Rxc2 {[%clk 0:04:35]} 31. Rxc2 {[%clk 0:05:23]} Ba4
{[%clk 0:04:59]} 32. Ke2 {[%clk 0:05:23]} Rxc2+ {[%clk 0:04:42]} 33. Kf3
{[%clk 0:05:40]} Bd6 {[%clk 0:04:38]} 34. Rb1 {[%clk 0:05:38]} Rc8
{[%clk 0:05:02]} 0-1

[Event "Hastings Masters"]
[Site "Hastings, England"]
[Date "2015.01.06"]
[Round "9.15"]
[White "Sowray, Peter J"]
[WhiteElo "2365"]
[Black "Byron, Alan M"]
[BlackElo "2188"]
[Result "1/2-1/2"]

1. d4 {[%clk 1:40:53]} Nf6 {[%clk 1:40:51]} 2. c4 {[%clk 1:41:12]} e6
{[%clk 1:41:04]} 3. Nc3 {[%clk 1:41:35]} Bb4 {[%clk 1:41:17]} 4. e3
{[%clk 1:41:59]} O-O {[%clk 1:41:38]} 5. Nge2 {[%clk 1:42:25]} d5
{[%clk 1:41:42]} 6. a3 {[%clk 1:42:49]} Bd6 {[%clk 1:41:37]} 7. Ng3
{[%clk 1:43:04]} a5 {[%clk 1:41:22]} 8. Bd3 {[%clk 1:39:09]} c5 {[%clk 1:39:18]}
9. dxc5 {[%clk 1:26:44]} Bxc5 {[%clk 1:39:36]} 10. O-O {[%clk 1:26:57]} b6
{[%clk 1:36:23]} 11. b3 {[%clk 1:20:59]} dxc4 {[%clk 1:21:30]} 12. Bxc4
{[%clk 1:20:56]} Qe7 {[%clk 1:21:42]} 13. Bb2 {[%clk 1:16:21]} Rd8
{[%clk 1:15:59]} 14. Qc2 {[%clk 1:12:46]} Bb7 {[%clk 1:13:54]} 15. Nce4
{[%clk 1:08:53]} Nbd7 {[%clk 1:14:04]} 16. Qc3 {[%clk 1:01:05]} Qf8
{[%clk 1:11:49]} 17. Nxc5 {[%clk 0:58:38]} Nxc5 {[%clk 1:08:19]} 18. Qe5
{[%clk 0:51:06]} Bd5 {[%clk 1:02:54]} 19. Qf4 {[%clk 0:44:51]} Qe7
{[%clk 0:55:43]} 20. Rab1 {[%clk 0:34:00]} Bxc4 {[%clk 0:48:23]} 21. bxc4
{[%clk 0:33:19]} Nfd7 {[%clk 0:35:16]} 22. Rfd1 {[%clk 0:30:21]} f6
{[%clk 0:24:10]} 23. Ne4 {[%clk 0:26:40]} Rac8 {[%clk 0:15:31]} 24. Nd6
{[%clk 0:23:25]} Rc6 {[%clk 0:15:53]} 25. Nb5 {[%clk 0:22:57]} Nf8
{[%clk 0:13:14]} 26. Rxd8 {[%clk 0:14:56]} Qxd8 {[%clk 0:13:41]} 27. Qf3
{[%clk 0:15:19]} Qd3 {[%clk 0:09:12]} 28. Rd1 {[%clk 0:14:33]} Qe4
{[%clk 0:09:35]} 29. Qe2 {[%clk 0:10:31]} Nb7 {[%clk 0:09:13]} 30. Nd4
{[%clk 0:09:27]} Rc8 {[%clk 0:08:28]} 31. f3 {[%clk 0:08:41]} Qg6
{[%clk 0:08:47]} 32. Nb5 {[%clk 0:08:05]} Qg5 {[%clk 0:07:25]} 1/2-1/2

[Event "Hastings Masters"]
[Site "Hastings, England"]
[Date "2015.01.06"]
[Round "9.16"]
[White "Britton, Richard L"]
[WhiteElo "2230"]
[Black "Maisuradze, Nino"]
[BlackElo "2323"]
[Result "0-1"]

1. e4 c5 2. Nf3 a6 3. d3 Nc6 4. g3 g6 5. Bg2 Bg7 6. O-O d6 7. c3 e5 8. a3 Nge7 9.
b4 O-O 10. Bb2 b6 11. Nbd2 h6 12. Re1 Kh7 13. Rb1 Rb8 14. d4 exd4 15. cxd4 cxb4
16. axb4 Nxb4 17. Ba3 Nbc6 18. d5 Na5 19. Bb4 Nb7 20. Re3 b5 21. Bc3 Nc5 22. Bxg7
Kxg7 23. Nb3 Nxb3 24. Rexb3 Bg4 25. Qd4+ Kg8 26. Nd2 Nc8 27. Ra3 Ra8 28. Rxb5 Na7
29. Rbb3 Nb5 30. Qa1 Nxa3 31. Rxa3 Be2 32. e5 dxe5 33. Qxe5 Re8 34. Qa1 Rb8 35.
Ne4 Rb6 36. Re3 Bc4 37. h4 Bb5 38. Nf6+ Rxf6 0-1

[Event "Hastings Masters"]
[Site "Hastings, England"]
[Date "2015.01.06"]
[Round "9.17"]
[White "Olsarova, Tereza"]
[WhiteElo "2302"]
[Black "Talsma, Paul"]
[BlackElo "2186"]
[Result "1-0"]

1. e4 {[%clk 1:40:58]} e5 {[%clk 1:40:55]} 2. Nf3 {[%clk 1:41:22]} Nf6
{[%clk 1:41:20]} 3. Nxe5 {[%clk 1:41:42]} d6 {[%clk 1:41:45]} 4. Nf3
{[%clk 1:42:03]} Nxe4 {[%clk 1:42:05]} 5. Nc3 {[%clk 1:42:26]} Nxc3
{[%clk 1:42:18]} 6. dxc3 {[%clk 1:42:50]} Be7 {[%clk 1:42:38]} 7. Be3
{[%clk 1:40:47]} O-O {[%clk 1:42:29]} 8. Qd2 {[%clk 1:40:47]} Nd7
{[%clk 1:42:29]} 9. O-O-O {[%clk 1:37:58]} Ne5 {[%clk 1:42:36]} 10. Nd4
{[%clk 1:37:20]} c5 {[%clk 1:38:48]} 11. Nf3 Be6 12. Nxe5 {[%clk 1:12:16]} dxe5
{[%clk 1:38:45]} 13. c4 Qe8 {[%clk 1:12:00]} 14. Qc3 {[%clk 1:09:52]} Qa4
{[%clk 1:06:38]} 15. Kb1 {[%clk 1:04:43]} e4 {[%clk 0:58:22]} 16. Be2
{[%clk 0:58:49]} f5 {[%clk 0:48:31]} 17. Bf4 {[%clk 0:54:44]} Bf6
{[%clk 0:45:53]} 18. Be5 {[%clk 0:54:34]} Rae8 {[%clk 0:37:11]} 19. Bxf6
{[%clk 0:45:41]} Rxf6 {[%clk 0:37:34]} 20. Rd6 {[%clk 0:44:41]} Kf7
{[%clk 0:35:29]} 21. Rhd1 {[%clk 0:41:26]} Qb4 {[%clk 0:34:36]} 22. Qe5
{[%clk 0:39:14]} Re7 {[%clk 0:33:40]} 23. Rd8 {[%clk 0:31:35]} Rh6
{[%clk 0:27:30]} 24. Qb8 {[%clk 0:25:49]} g6 {[%clk 0:22:49]} 25. Rh8
{[%clk 0:24:40]} 1-0

[Event "Hastings Masters"]
[Site "Hastings, England"]
[Date "2015.01.06"]
[Round "9.18"]
[White "Liang, Jake Z"]
[WhiteElo "1953"]
[Black "Constantinou, Peter"]
[BlackElo "2276"]
[Result "0-1"]

1. d4 g6 2. e4 Bg7 3. Nc3 c6 4. Be3 Qb6 5. Rb1 Nf6 6. Nf3 d6 7. h3 O-O 8. Be2 Qc7
9. O-O Nbd7 10. a4 e5 11. dxe5 dxe5 12. Nd2 Rd8 13. Qc1 Nf8 14. b4 Ne6 15. Nb3
Nd4 16. Bd3 Nh5 17. Bxd4 exd4 18. Ne2 Qe7 19. Qd2 Be6 20. Na5 Rac8 21. Rfe1 b6
22. Nc4 Nf6 23. Ng3 Ne8 24. e5 Bd5 25. Qf4 Qe6 26. Nd2 c5 27. bxc5 bxc5 28. Nb3
f6 29. exf6 Qxf6 30. Qxf6 Nxf6 31. Bb5 Kf8 32. Re2 Rd6 33. Rbe1 a6 34. Bd3 c4 35.
Nxd4 cxd3 36. cxd3 Bf7 37. Ne6+ Bxe6 38. Rxe6 Rcd8 39. a5 R8d7 40. Rxd6 Rxd6 41.
Rb1 Nd7 42. Rb3 Nc5 0-1

[Event "Hastings Masters"]
[Site "Hastings, England"]
[Date "2015.01.06"]
[Round "9.19"]
[White "Haussernot, Cecile"]
[WhiteElo "2186"]
[Black "Webb, Laurence E"]
[BlackElo "2272"]
[Result "1/2-1/2"]

1. e4 e6 {[%clk 1:40:37]} 2. d4 {[%clk 1:23:14]} d5 3. Nc3 {[%clk 1:23:28]} Bb4
{[%clk 1:41:22]} 4. Nge2 Nf6 {[%clk 1:39:51]} 5. e5 {[%clk 1:23:21]} Ne4
{[%clk 1:40:00]} 6. a3 {[%clk 1:21:53]} Nxc3 {[%clk 1:40:03]} 7. bxc3
{[%clk 1:19:03]} Ba5 {[%clk 1:35:07]} 8. a4 c5 {[%clk 1:30:08]} 9. Ba3
{[%clk 1:13:05]} Nd7 {[%clk 1:29:28]} 10. h4 {[%clk 1:10:59]} b6 {[%clk 1:26:42]}
11. Qd3 {[%clk 1:03:02]} O-O {[%clk 1:07:48]} 12. Rh3 {[%clk 0:59:04]} f6
{[%clk 1:04:49]} 13. f4 {[%clk 0:50:20]} Rf7 {[%clk 0:56:42]} 14. f5
{[%clk 0:49:31]} Nf8 {[%clk 0:35:54]} 15. exf6 {[%clk 0:24:32]} Qxf6
{[%clk 0:35:33]} 16. dxc5 {[%clk 0:23:02]} Qxf5 {[%clk 0:34:50]} 17. Qxf5
{[%clk 0:21:13]} Rxf5 {[%clk 0:35:04]} 18. Nd4 {[%clk 0:21:32]} Rxf1+
{[%clk 0:28:10]} 19. Kxf1 {[%clk 0:21:54]} e5 {[%clk 0:28:33]} 20. Nc6
{[%clk 0:10:12]} Bxh3 {[%clk 0:28:38]} 21. gxh3 {[%clk 0:08:37]} Bxc3
{[%clk 0:15:57]} 22. Rb1 {[%clk 0:08:04]} Ne6 {[%clk 0:12:15]} 23. Ne7+
{[%clk 0:02:27]} Kf7 {[%clk 0:12:35]} 24. Nxd5 Bd4 {[%clk 0:13:05]} 25. cxb6
{[%clk 0:00:31]} axb6 26. Nxb6 Bxb6 {[%clk 0:12:40]} 27. Rxb6 {[%clk 0:01:01]}
Rxa4 {[%clk 0:12:48]} 28. Rb7+ {[%clk 0:01:09]} Kg6 {[%clk 0:12:13]} 29. Bb4
{[%clk 0:00:43]} Nd4 {[%clk 0:09:01]} 30. c4 {[%clk 0:00:36]} Nc6
{[%clk 0:05:29]} 31. Bf8 {[%clk 0:00:36]} Rxc4 {[%clk 0:03:40]} 32. Rxg7+
{[%clk 0:00:58]} Kf5 {[%clk 0:03:02]} 33. Rf7+ {[%clk 0:00:33]} 1/2-1/2

[Event "Hastings Masters"]
[Site "Hastings, England"]
[Date "2015.01.06"]
[Round "9.20"]
[White "Reinwald, Patrick"]
[WhiteElo "2144"]
[Black "Ledger, Dave J"]
[BlackElo "2244"]
[Result "1-0"]

1. d4 {[%clk 1:40:57]} Nf6 {[%clk 1:39:24]} 2. c4 {[%clk 1:40:57]} g6
{[%clk 1:39:24]} 3. Nc3 {[%clk 1:40:57]} Bg7 {[%clk 1:39:24]} 4. e4
{[%clk 1:40:57]} d6 {[%clk 1:39:24]} 5. Nf3 {[%clk 1:40:57]} O-O {[%clk 1:39:24]}
6. Be2 {[%clk 1:40:57]} e5 {[%clk 1:39:24]} 7. O-O {[%clk 1:40:57]} Nc6
{[%clk 1:39:24]} 8. d5 {[%clk 1:40:57]} Ne7 {[%clk 1:39:24]} 9. Ne1
{[%clk 1:40:57]} Nd7 {[%clk 1:39:24]} 10. Nd3 {[%clk 1:40:57]} f5
{[%clk 1:39:24]} 11. Bd2 {[%clk 1:44:18]} Nf6 {[%clk 1:31:54]} 12. f3
{[%clk 1:45:02]} f4 {[%clk 1:31:54]} 13. Rc1 {[%clk 1:45:02]} g5 14. c5
{[%clk 1:45:22]} Ng6 {[%clk 1:31:54]} 15. Nb5 {[%clk 1:45:22]} Ne8
{[%clk 1:30:03]} 16. Ba5 b6 {[%clk 1:24:32]} 17. cxd6 {[%clk 1:45:45]} cxd6
{[%clk 1:24:29]} 18. Be1 {[%clk 1:46:32]} a6 {[%clk 1:08:13]} 19. Nc3
{[%clk 1:46:23]} h5 {[%clk 1:07:49]} 20. Nb4 {[%clk 1:44:45]} Ne7
{[%clk 0:51:03]} 21. Bf2 Nf6 {[%clk 0:36:44]} 22. Na4 {[%clk 1:31:10]} g4
{[%clk 0:31:19]} 23. Nxb6 {[%clk 1:28:01]} g3 {[%clk 0:30:24]} 24. Nxa8
{[%clk 1:27:56]} Bd7 {[%clk 0:18:14]} 25. Nc7 {[%clk 1:25:57]} Ng6
{[%clk 0:13:32]} 26. Be1 {[%clk 1:23:28]} gxh2+ {[%clk 0:06:50]} 27. Kxh2
{[%clk 1:23:25]} h4 {[%clk 0:06:04]} 28. Nc6 {[%clk 1:20:46]} Bxc6
{[%clk 0:06:26]} 29. Ne6 {[%clk 1:21:10]} 1-0

[Event "Hastings Masters"]
[Site "Hastings, England"]
[Date "2015.01.06"]
[Round "9.21"]
[White "Ashton, Adam G"]
[WhiteElo "2398"]
[Black "Gregory, Stephen J"]
[BlackElo "2056"]
[Result "1-0"]

1. e4 {[%clk 1:40:56]} d6 {[%clk 1:40:53]} 2. d4 {[%clk 1:41:22]} Nf6
{[%clk 1:41:18]} 3. Nc3 {[%clk 1:41:49]} g6 {[%clk 1:41:42]} 4. f4
{[%clk 1:40:54]} Bg7 {[%clk 1:42:03]} 5. Nf3 {[%clk 1:41:03]} c5 {[%clk 1:42:25]}
6. Bb5+ {[%clk 1:39:35]} Bd7 {[%clk 1:42:44]} 7. e5 {[%clk 1:39:35]} Ng4
{[%clk 1:42:44]} 8. Bxd7+ {[%clk 1:39:35]} Qxd7 {[%clk 1:42:44]} 9. d5
{[%clk 1:39:35]} dxe5 10. h3 {[%clk 1:39:02]} e4 {[%clk 1:42:56]} 11. hxg4
{[%clk 1:39:24]} exf3 12. Qxf3 {[%clk 1:39:36]} Na6 {[%clk 1:38:00]} 13. Bd2
O-O-O {[%clk 1:32:43]} 14. O-O-O {[%clk 1:38:00]} Kb8 {[%clk 1:25:03]} 15. Kb1
{[%clk 4:54:06]} h6 {[%clk 1:25:03]} 16. Rhe1 {[%clk 4:54:06]} f5
{[%clk 1:20:23]} 17. gxf5 {[%clk 0:55:26]} gxf5 {[%clk 1:20:28]} 18. Qe2
{[%clk 0:54:18]} Bf6 {[%clk 1:20:14]} 19. Nb5 {[%clk 0:46:28]} Nc7
{[%clk 1:15:07]} 20. Nxc7 {[%clk 0:42:04]} Qxc7 {[%clk 1:14:04]} 21. Qd3
{[%clk 0:41:45]} Rhg8 {[%clk 1:11:44]} 22. Re2 {[%clk 0:41:05]} Qd7
{[%clk 1:04:36]} 23. Bc3 {[%clk 0:40:57]} Rg6 {[%clk 1:02:45]} 24. Be5+
{[%clk 0:38:35]} Ka8 {[%clk 1:01:15]} 25. c4 {[%clk 0:38:33]} Rdg8
{[%clk 0:47:46]} 26. Bxf6 {[%clk 0:35:09]} exf6 {[%clk 0:35:20]} 27. Rde1
{[%clk 0:29:07]} a6 {[%clk 0:31:44]} 28. Re7 {[%clk 0:28:55]} Qa4
{[%clk 0:30:49]} 29. d6 {[%clk 0:27:05]} Rg3 {[%clk 0:29:40]} 30. Qd5
{[%clk 0:20:51]} Qb4 {[%clk 0:27:29]} 31. d7 {[%clk 0:18:57]} Rd8
{[%clk 0:27:43]} 32. Re8 {[%clk 0:17:31]} Ka7 {[%clk 0:27:56]} 33. Rd1
{[%clk 0:16:52]} Rxd7 {[%clk 0:26:50]} 34. Qxd7 {[%clk 0:15:17]} Rxg2
{[%clk 0:26:56]} 35. b3 {[%clk 0:15:27]} Qa5 {[%clk 0:24:13]} 36. a4
{[%clk 0:12:55]} Qb4 {[%clk 0:24:05]} 37. Qd3 {[%clk 0:10:25]} Qa3
{[%clk 0:22:32]} 38. Re2 {[%clk 0:10:47]} Rxe2 {[%clk 0:22:15]} 39. Qxe2
{[%clk 0:11:15]} Qxb3+ {[%clk 0:22:23]} 40. Kc1 {[%clk 0:11:43]} Qc3+
{[%clk 0:17:26]} 41. Qc2 {[%clk 0:11:32]} Qa1+ {[%clk 0:17:20]} 42. Kd2
{[%clk 0:11:12]} Qd4+ {[%clk 0:17:19]} 43. Qd3 {[%clk 0:10:59]} Qxf4+
{[%clk 0:16:42]} 44. Kc2 {[%clk 0:11:04]} h5 {[%clk 0:09:35]} 45. Rf1
{[%clk 0:10:21]} Qh2+ {[%clk 0:08:27]} 46. Kb1 {[%clk 0:10:12]} f4
{[%clk 0:06:38]} 47. Qd6 {[%clk 0:02:34]} Qh3 {[%clk 0:06:16]} 48. Rxf4
{[%clk 0:01:42]} Qb3+ {[%clk 0:05:19]} 49. Kc1 {[%clk 0:02:05]} Qa3+
{[%clk 0:02:15]} 50. Kd2 {[%clk 0:02:13]} Qxa4 {[%clk 0:46:40]} 51. Qxc5+
{[%clk 0:52:00]} Ka8 {[%clk 0:46:58]} 52. Qf8+ {[%clk 0:51:58]} Ka7
{[%clk 0:47:18]} 53. Qxf6 {[%clk 0:52:09]} Qb4+ {[%clk 0:46:57]} 54. Ke2
{[%clk 0:52:25]} a5 {[%clk 0:45:54]} 55. Qd4+ {[%clk 0:52:00]} Ka6
{[%clk 0:45:44]} 56. c5 {[%clk 0:50:39]} Qxd4 {[%clk 0:43:19]} 57. Rxd4
{[%clk 0:51:02]} Kb5 {[%clk 0:43:44]} 58. Kd3 {[%clk 0:49:24]} 1-0

[Event "Hastings Masters"]
[Site "Hastings, England"]
[Date "2015.01.06"]
[Round "9.22"]
[White "Prosviriakov, Vladimir"]
[WhiteElo "2271"]
[Black "Mann, Johannes"]
[BlackElo "2080"]
[Result "1/2-1/2"]

1. d4 {[%clk 1:40:35]} d5 {[%clk 1:40:50]} 2. Bf4 {[%clk 1:40:40]} Nf6
{[%clk 1:40:47]} 3. e3 {[%clk 1:40:58]} c6 {[%clk 1:29:57]} 4. Bd3 g6
{[%clk 1:29:10]} 5. Nd2 {[%clk 1:33:39]} Bf5 6. Bxf5 {[%clk 1:26:27]} gxf5
{[%clk 1:29:24]} 7. Ngf3 Nbd7 8. Ne5 {[%clk 1:16:00]} e6 {[%clk 1:21:12]} 9. O-O
Bg7 {[%clk 1:15:27]} 10. c4 {[%clk 1:13:51]} O-O {[%clk 1:15:26]} 11. Qb3 Qb6
{[%clk 1:12:14]} 12. c5 {[%clk 1:09:25]} Qxb3 {[%clk 1:12:05]} 13. axb3
{[%clk 1:09:39]} Nxe5 {[%clk 1:11:08]} 14. Bxe5 {[%clk 1:09:33]} Ne4
{[%clk 1:10:58]} 15. Nxe4 {[%clk 1:09:14]} fxe4 {[%clk 1:01:39]} 16. Bd6
{[%clk 1:00:10]} Rfe8 {[%clk 1:01:43]} 17. Ra4 {[%clk 1:00:08]} e5
{[%clk 0:57:43]} 18. dxe5 {[%clk 0:59:15]} Bxe5 {[%clk 0:58:03]} 19. Bxe5
{[%clk 0:59:33]} Rxe5 {[%clk 0:58:27]} 20. Rfa1 {[%clk 0:59:45]} a6
{[%clk 0:58:39]} 21. Rb4 {[%clk 0:59:56]} Re7 {[%clk 0:58:07]} 22. Kf1
{[%clk 0:52:03]} f5 {[%clk 0:56:00]} 23. Ke2 {[%clk 0:51:07]} Kf7
{[%clk 0:52:13]} 24. Rg1 {[%clk 0:48:05]} Kf6 {[%clk 0:49:13]} 25. h4
{[%clk 0:47:15]} Rg8 {[%clk 0:47:23]} 26. g3 {[%clk 0:47:31]} Rgg7
{[%clk 0:46:31]} 27. Rd1 {[%clk 0:46:03]} Rg6 {[%clk 0:36:41]} 28. Kd2
{[%clk 0:44:49]} Kg7 {[%clk 0:35:58]} 29. Kc3 {[%clk 0:43:47]} Kh6
{[%clk 0:36:02]} 1/2-1/2